000 003640000a22001330004500
082 0 4 _aB P473p
100 1 _aPfarherr, Liliana
245 1 0 _aDe paseo por la selva / Liliana Pfarherr ; ilustraciones Claudia Degliuomini
260 _aArgentina : Editorial Guadal S.A.
440 0 _aCol. el gato de hojalata
500 _aLibro de tela
001 1335
942 _cLGB
999 _c48502
_d48502